Bandiere del paese con l'Union Jack - Statistics

Statistiche generali
  • Questo quiz è stato fatto 4.967 volte
  • Il punteggio medio è 4 su 5
Statistiche sulle risposte
con Immagini Risposta % Corretto
Australia
99%
Regno Unito
98%
Nuova Zelanda
97%
Figi
81%
Tuvalu
63%
Nessun quiz corrispondente trovato
Distribuzione punteggi
Percentuale di utenti per punteggio
Percentile per numero di risposta
I tuoi punteggi nel tempo
Non hai fatto questo quiz